Catálogo

QUALITY AUDITING (Registro nro. 13722)

Detalles MARC
000 -LEADER
fixed length control field 00403nam a2200157 a 4500
001 - CONTROL NUMBER
control field 13722
005 - DATE AND TIME OF LATEST TRANSACTION
control field 20180713202130.0
008 - FIXED-LENGTH DATA ELEMENTS--GENERAL INFORMATION
fixed length control field 140415s1993 000 0 spa d
041 ## - LANGUAGE CODE
Language code of text/sound track or separate title spa
082 ## - DEWEY DECIMAL CLASSIFICATION NUMBER
Classification number 658.562
Item number MIL
100 1# - MAIN ENTRY--PERSONAL NAME
Personal name MILLS, DAVID
245 10 - TITLE STATEMENT
Title QUALITY AUDITING
260 ## - PUBLICATION, DISTRIBUTION, ETC.
Place of publication, distribution, etc. [s.l.] :
Name of publisher, distributor, etc. CHAPMAN AND HALL,
Date of publication, distribution, etc. 1993
300 ## - PHYSICAL DESCRIPTION
Extent 318
650 14 - SUBJECT ADDED ENTRY--TOPICAL TERM
Topical term or geographic name entry element AUDITORIA
General subdivision CONTROL DE CALIDAD
Existencias
Withdrawn status Lost status Source of classification or shelving scheme Damaged status Not for loan Collection code Home library Current library Shelving location Date acquired Source of acquisition Inventory number Total Checkouts Full call number Barcode Date last seen Price effective from Koha item type
    Dewey Decimal Classification     General Biblioteca Karol Wojtyla Biblioteca Karol Wojtyla Sala general 03/12/2013 Compra 151000000000000000026147   658.562 MIL 30658 05/01/2026 03/12/2013 Libro